00659nam a22001817a 450000500170000001000150001702000260003203500140005803700090007208200150008110000170009624500610011325000070017426000490018127001090023030000320033950001060037120240614165408.0 aENG-140622 c749.00a9788119896691 aEN-124154 bDBAD a340.07211 aBhardwaj, AP aLegal Awareness/Legal Reasoning 2024-25/cBy AP Bhardwaj a11 aNoidabPearson India Education Pvt Ltdc2024 a1st Floor, Berger Tower, Plot No. C-001/2, Sector 16BbNoidae201301mcompanysecretary.india@pearson.com acxvii,vp.c25cm(pbk)bIndex aFor Clat,Slat,Ailet Also Useful For PU,DU,BHU,IPU,UPES,MAH(CET-Law) & Other UG/PG Law Entrance Exams